Student outcomes assessment : a historical review and guide to program development
Saved in:
| Main Author: | |
|---|---|
| Format: | Book |
| Language: | English |
| Published: |
New York :
Greenwood Press,
1992
|
| Series: | Contributions to the study of education
|
| Subjects: | |
| Tags: |
Add Tag
No Tags, Be the first to tag this record!
|
MARC
| LEADER | 00000nam a2200000 i 4500 | ||
|---|---|---|---|
| 001 | 1/99732 | ||
| 008 | 000128s1992 eng d | ||
| 020 | |a 0-313-27591-2 | ||
| 035 | |l 10056998 | ||
| 040 | |a GR-MY-UA |b gre |e aacr | ||
| 041 | 0 | |a eng | |
| 082 | 0 | |a 378.167 | |
| 100 | 1 | |a Sims, Serbrenia J. | |
| 245 | 1 | 0 | |a Student outcomes assessment : |b a historical review and guide to program development / |c Serbrenia J. Sims |
| 260 | |a New York : |b Greenwood Press, |c 1992 | ||
| 300 | |a 158 p. | ||
| 490 | 1 | |a Contributions to the study of education | |
| 650 | 0 | 0 | |a Universities and colleges |z United States |x Evaluation. |
| 650 | 0 | 0 | |a College students |x Rating of |z United States. |
| 830 | 0 | |a Contributions to the study of education | |
| 852 | |a INST |b RHODES |e 20000128 |h 378.167 SIM |p 005400012111 |q 005400012111 |t BK |y 0 | ||
| 901 | |a BIBL4-2000-1 | ||
| 909 | |a Ρ |b 068645 | ||
| 922 | |a 4ΕΛΗ |b 199909 |c ΚΠΣ/154 |d GLORY BOOKS | ||
| 970 | |a ΚΟΥΛΑΚΙΟΤΗ |b ΛΙΤΣΑ |z 2000/01/28 | ||